La sociedad internacional contemporánea (Record no. 144664)

MARC details
000 -LEADER
campo de control de longitud fija 00455nam a2200145 4500
001 - NÚMERO DE CONTROL
campo de control 144664
003 - IDENTIFICADOR DE NÚMERO DE CONTROL
campo de control ES-MaACL
007 - CAMPO FIJO DE DESCRIPCIÓN FÍSICA--INFORMACIÓN GENERAL
campo de control de longitud fija t|
008 - DATOS DE LONGITUD FIJA--INFORMACIÓN GENERAL
campo de control de longitud fija 070214s1983 sp r ||||1| spa d
245 03 - MENCIÓN DEL TÍTULO
Título La sociedad internacional contemporánea
Resto del título : documentos básicos /
Mención de responsabilidad, etc. edición y estudio preliminar de Roberto Mesa.
260 ## - PUBLICACIÓN, DISTRIBUCIÓN, ETC.
Lugar de publicación, distribución, etc. Madrid :
Nombre del editor, distribuidor, etc. Taurus,
Fecha de publicación, distribución, etc. 1983.
300 ## - DESCRIPCIÓN FÍSICA
Extensión 2 v. ;
Dimensiones 18 cm.
700 1# - ENTRADA AGREGADA--NOMBRE PERSONAL
Nombre de persona Mesa, Roberto.
9 (RLIN) 80634
852 ## - LOCALIZACIÓN
Ubicación ES-MaACL
Número de control de estantería L-4752-3
Sublocalización o colección R.105050
Holdings
Estatus retirado Estado de pérdida Estado de daño No para préstamo Biblioteca de origen Biblioteca actual Ubicación en estantería Fecha de adquisición Fuente de adquisición Total de préstamos Signatura topográfica completa Código de barras Visto por última vez Precio de reemplazo Tipo de ítem Koha
        Biblioteca del Ateneo de Madrid Biblioteca del Ateneo de Madrid Depósito 2 17/01/2008     L-4752-3 1150824 23/02/2023 23/02/2023 Libro impreso